2 Mots = Un élément géographique - Statistiques

Statistiques générales
  • Ce quiz a été pris 89 fois
  • Le résultat moyen est 2 sur 15
Statistiques - réponses
Indice 1 Indice 2 Réponse % Correct
Flèche Triomphe Arc
80%
Boisson Rico Porto
38%
Sportif Match Paris
36%
Paris Tonerre Brest
23%
Seul Poly Mono
16%
Arrangé CD Rome
15%
Cartes Addition Bataille de la Somme
14%
Reine Secret Victoria
6%
Lille Script L'Île de Java
4%
Homme Pâle Lomé
4%
Zoro Bac -2 Le Cap
3%
Noel Pénéloppe Santa Cruz
3%
Télévision Electricité Canal de Suez
1%
Maman Pages La Mer Jaune
1%
Cochon Agréable Port-Gentil
1%
Aucun quiz correspondant
Distribution des résultats
% des personnes avec chaque résultat
Percentile par nombre de réponses
Votre historique - résultats
Vous n’avez pas pris ce quiz